Вып. 22 : Новые данные по геологии, минералогии и геохимии рудных районов Узбекистана; Записки Узбекистанского отделения Всесоюзного минералогического общества

Bibliografske podrobnosti
Parent link:Записки Узбекистанского отделения Всесоюзного минералогического общества/ Академия наук Узбекской ССР (АН УзССР) ; Всесоюзное минералогическое общество (ВМО), Узбекистанское отделение. Вып. 22 : Новые данные по геологии, минералогии и геохимии рудных районов Узбекистана.— , 1957-1989
Korporativna značnica: Академия наук Узбекской ССР (АН УзССР) Институт геологии и геофизики им. Х. М. Абдуллаева
Drugi avtorji: Бадалов С. Т. (редактор)
Jezik:ruščina
Izdano: 1970
Teme:
Format: MixedMaterials Knjiga
KOHA link:https://koha.lib.tpu.ru/cgi-bin/koha/opac-detail.pl?biblionumber=365856

MARC

LEADER 00000nam2a2200000 4500
001 365856
005 20231102011827.0
035 |a (RuTPU)RU\TPU\retro\23219 
035 |a RU\TPU\retro\23216 
090 |a 365856 
100 |a 20220124d1970 k y0rusy5003 ca 
101 0 |a rus 
102 |a UZ 
105 |a a z 001zy 
200 0 |a Вып. 22 : Новые данные по геологии, минералогии и геохимии рудных районов Узбекистана  |f Академия наук Узбекской ССР (АН УзССР), Институт геологии и геофизики им. Х. М. Абдуллаева ; отв. ред. С. Т. Бадалов 
210 |d 1970 
215 |a 240 с.  |c ил. 
320 |a Библиография в конце статей 
461 1 |0 (RuTPU)RU\TPU\book\293903  |t Записки Узбекистанского отделения Всесоюзного минералогического общества  |f Академия наук Узбекской ССР (АН УзССР) ; Всесоюзное минералогическое общество (ВМО), Узбекистанское отделение  |v Вып. 22 : Новые данные по геологии, минералогии и геохимии рудных районов Узбекистана  |d 1957-1989 
606 1 |a Минералогия  |2 stltpush  |3 (RuTPU)RU\TPU\subj\43907  |9 63333 
610 1 |a гипербазиты 
610 1 |a химический состав 
610 1 |a формирование 
610 1 |a герцинская складчатость 
610 1 |a Чаткало-Кураминские горы 
610 1 |a вулканиты 
610 1 |a состав 
610 1 |a кварцевые порфиры 
610 1 |a оруднение 
610 1 |a Кураминский хребет 
610 1 |a гигантопорфировые структуры 
610 1 |a висмутовые руды 
610 1 |a терригенные образования 
610 1 |a стратиграфия 
610 1 |a известняки 
610 1 |a полиметаллические месторождения 
610 1 |a никельсодержащие сульфиды 
610 1 |a кварц-золотосульфидное месторождение 
610 1 |a минералогические особенности 
610 1 |a золото-серебряные рудопроявления 
610 1 |a минералого-геохимические особенности 
610 1 |a золото-молибденово-медные месторождения 
610 1 |a платина 
610 1 |a палладий 
610 1 |a редкоземельные элементы 
610 1 |a гидротермальные процессы 
610 1 |a магнезиально-скарновые формации 
610 1 |a фтор 
610 1 |a бор 
610 1 |a стронций 
610 1 |a серные месторождения 
610 1 |a свинцово-цинковые месторождения 
610 1 |a термолюминесценция 
610 1 |a калиевые полевые шпаты 
610 1 |a методические основы 
610 1 |a поисково-разведочные работы 
675 |a 549  |v 3 
702 1 |a Бадалов  |b С. Т.  |4 340 
712 0 2 |a Академия наук Узбекской ССР (АН УзССР)  |b Институт геологии и геофизики им. Х. М. Абдуллаева  |c (Ташкент)  |2 stltpush  |3 (RuTPU)RU\TPU\col\14202 
801 1 |a RU  |b 63413507  |c 20150529 
801 2 |a RU  |b 63413507  |c 20220124  |g RCR 
942 |c BK